| 000 | 00802nam a22002897a 4500 | ||
|---|---|---|---|
| 003 | OSt | ||
| 008 | 150625b xxu||||| |||| 00| 0 ita d | ||
| 100 | 1 | _a"Sassone" S.R.L | |
| 041 | _aita | ||
| 245 | 1 | 0 | _aCatalogo specializzato dei francobolli d'Italia e dei paesi italiani |
| 260 |
_aRome _b"Sassone" S.R.L |
||
| 300 | _a0 pages | ||
| 650 | 0 | _aItaly | |
| 650 | 0 | _aItalian States | |
| 650 | 0 | _aOccupation Issues | |
| 650 | 0 | _aOffices Abroad | |
| 650 | 0 | _aItalian Colonies | |
| 650 | 0 | _aAllied Occupation | |
| 650 | 0 | _aTrieste | |
| 650 | 0 | _aSan Marino (1877-) | |
| 650 | 0 | _aVatican City (1929-) | |
| 650 | 0 | _aSovereign Military Order of Malta | |
| 650 | 0 | _aSovrano Militare Ordine di Malta | |
| 650 | 0 | _aPostal Stationery | |
| 650 | 0 | _aCatalogs and Price Lists | |
| 942 | _e70th 2011 | ||
| 999 |
_c1620 _d1620 |
||